| 000 | 00907nam a2200289Ia 4500 | ||
|---|---|---|---|
| 003 | OSt | ||
| 005 | 20221007122605.0 | ||
| 006 | a|||||r|||| 00| 0 | ||
| 007 | ta | ||
| 008 | 221006b |||||||| |||| 00| 0 eng d | ||
| 020 | _a9780521193030 (hbd) | ||
| 024 | _a113773 | ||
| 037 |
_b450, 12/10/2010, Aviva Books Company _cTextbook |
||
| 040 |
_aPAPL _cPAPL _beng |
||
| 041 |
_2eng _aeng |
||
| 082 | _aCN30, Q0 Carpa | ||
| 100 |
_aBrezin Edouard _9714626 |
||
| 245 | 0 | _aIntroduction to statistical field theory | |
| 260 |
_aCambridge _bCambridge University Press _c2010 |
||
| 300 |
_ax, 166p. _ccm. |
||
| 500 | _aIncludes bibliographical references.; Index 165-166p. | ||
| 650 | _a Field theory | ||
| 650 | _a Statistics | ||
| 650 | _aPhysics | ||
| 942 |
_hCN30, Q0 Carpa _cTB _2CC |
||
| 999 |
_c1210625 _d1210625 |
||